000 01162cam a22002771 4500
001 sa 68008830
003 DLC
005 20260227112537.0
008 781030s1968 ii ae b 000 0 eng
010 _asa 68008830
025 _aPL480:I-E-9947
035 _a(OCoLC)4328996
040 _aDLC
_cMH
_dMH
_dOCoLC
_dDLC
050 0 0 _aHT169.I52
_bC48
082 _a301.3/64/095455
100 1 _aD'Souza, Victor Salvadore,
_d1923-
245 1 0 _aSocial structure of a planned city, Chandigarh,
_cby Victor S. D'Souza, assisted by a research team.
260 _aBombay,
_bOrient Longmans
_c[1968]
300 _axv, 408 p.
_billus., plan.
_c25 cm.
500 _a"This study was undertaken in the Department of Sociology, Panjab University, under the sponsorship and with the financial assistance of the Research Programmes Committee of the Planning Commission, Government of India."
504 _aBibliographical footnotes.
650 0 _aCity planning
_zIndia
_zChandīgarh.
651 0 _aChandīgarh (India)
_xSocial conditions.
710 1 _aIndia.
_bPlanning Commission.
_bResearch Programmes Committee.
710 2 _aPanjab University.
_bDepartment of Sociology.
999 _c82599
_d82599